Akvizice v privátním bankovnictví

S rastúcim počtom jednotlivcov s vysokým objemom majetku, odvetvie privátneho bankovníctva a správy majetku, inklinuje tento sektor ku konsolidácii. V súčasnosti prebiehajú predovšetkým domáce akvizície. Štúdia KPMG zisťovala chuť k ďalším akvizíciám, hlavné ciele akvizičnej stratégie. Faktory, ktor...

Description complète

Enregistré dans:
Détails bibliographiques
Format: Chapitre de livre
Langue:tchèque
Sujets:
Tags: Ajouter un tag
Pas de tags, Soyez le premier à ajouter un tag!

MARC

LEADER 00000naa$a2200000$$$4500
001 0020242
005 20231010083430.4
041 0 |a cze 
044 |a CZ 
245 1 0 |a Akvizice v privátním bankovnictví 
520 |a S rastúcim počtom jednotlivcov s vysokým objemom majetku, odvetvie privátneho bankovníctva a správy majetku, inklinuje tento sektor ku konsolidácii. V súčasnosti prebiehajú predovšetkým domáce akvizície. Štúdia KPMG zisťovala chuť k ďalším akvizíciám, hlavné ciele akvizičnej stratégie. Faktory, ktoré sú dôležité pre úspech poakvizičnej integrácie. Počet fúzií a akvizícií v sektore privátneho bankovníctva. Domáce a cezhraničné akvizičné transakcie. 
610 2 0 |a bankovníctvo 
610 2 0 |a banky súkromné 
610 2 0 |a integrácia 
610 2 0 |a akvizícia 
610 2 0 |a fúzie 
610 2 0 |a štúdie